|
|
|
|
| LEADER |
00000nam0a2200000 4500 |
| 001 |
162777 |
| 005 |
20231031160539.0 |
| 010 |
|
|
|a 5280003735
|
| 035 |
|
|
|a (RuTPU)RU\TPU\book\176560
|
| 090 |
|
|
|a 162777
|
| 100 |
|
|
|a 20090626d1988 m y0rusy50 ca
|
| 101 |
1 |
|
|a rus
|c jap
|
| 102 |
|
|
|a RU
|
| 105 |
|
|
|a a z 001ay
|
| 200 |
1 |
|
|a Записки у изголовья
|e классическая японская проза XI-XIV веков
|e пер. со старояпонского
|f Сэй-Сенагон
|
| 210 |
|
|
|a Москва
|c Художественная литература
|d 1988
|
| 215 |
|
|
|a 479 с.
|c ил.
|
| 320 |
|
|
|a Библиогр.в коммент. : с. 430-477
|
| 423 |
|
|
|t Записки из кельи
|f Камо-но Темей
|
| 423 |
|
|
|t Записки от скуки
|f Кэнко-Хоси
|a Кэнко-Хоси, 0
|
| 610 |
1 |
|
|a японская литература
|
| 610 |
1 |
|
|a классика
|
| 610 |
1 |
|
|a 11 век
|
| 610 |
1 |
|
|a 12 век
|
| 610 |
1 |
|
|a 13 век
|
| 610 |
1 |
|
|a 14 век
|
| 675 |
|
|
|a 895
|v 3
|
| 700 |
|
1 |
|a Сэй-Сенагон
|
| 801 |
|
1 |
|a RU
|b 63413507
|c 20090626
|g PSBO
|
| 942 |
|
|
|c BK
|